000 00542nam a2200181Ia 4500
005 20250326142112.0
008 250326s9999 xx 000 0 und d
037 _aTextbook
040 _aFMSL
_beng
_cFMSL
041 _aeng
_2eng
084 _qFMSL
100 _aInternational Library Organisation Geneva
245 0 _aCollective bargaining : A workers education manual
_cInternational Library Organisation Geneva
260 _aOxford
_bOxford, & IBH pub. co.
_c1986
300 _a121p
942 _cTB
999 _c1293447
_d1293447